00567 2200217 4500001002100000005001500021035002000036245003300056100002800089250001100117300003600128264004500164336002100209337002000230338002200250082000800272084001400280020002200294650002000316990001300336INLIS00000000000194120240812114907 a0010-08240000351 aGadis Kretek /cRatih Kumala0 aRatih KumalaePengarang aCet.14 a275 halaman :bIlus ;c13x20 cm aJakarta :bGramedia Pustaka Utama,c2023 2rdacontentaTeks 2rdamediaaCetak 2rdacarrieraCetak a813 a813 RAT g a978-979-22-8141-5 4aFiksi Indonesia a24000028